| 000 | 00363nam a2200133Ia 4500 | ||
|---|---|---|---|
| 008 | 240624s9999 xx 000 0 und d | ||
| 041 | _aeng | ||
| 082 | _a371.15 DER | ||
| 100 | _aDERRINGTON CHRIS | ||
| 245 | _aTEAM APPROACH TO BEHAVIOUR MANAGEMENT | ||
| 260 |
_c2004 _aLondon _bPaul Chapman Publishing |
||
| 300 | _avii, : 154 : p. : cm. ; 30 | ||
| 365 |
_cGBP _b28 |
||
| 999 |
_c22566 _d22566 |
||